000 00704nam a22002177a 4500
003 OSt
005 20250813055706.0
006 a
008 240627b |||||||| |||| 00| 0 eng d
020 _a9789715905770
040 _aDWCL-Main Lib.
_cOC
082 _aFil. 158.1 Sm641t 1999
100 _aSmollin, Anne Bryan
245 _aTickle your soul :
_blove well, love much, laugh often /
_cAnne Bryan Smollin
260 _aPasay City, Philippines :
_bPaulines Pub.,
_cc1999.
300 _a158 pages :
_billustrations ;
_c21cm.
504 _aIncludes index.
650 _a1. Happiness --- Psychological aspects.
650 _a2. Laughter --- Psychological aspects.
942 _2ddc
_cBK - FIL
_kFil.
_n0
999 _c1435
_d1435